000 01253cad a2200265 4500
008 100916n2001 000 0 eng u
020 _a9780203042748
035 _a(Sirsi) u105596
050 _a690.25
100 _aRichardson, Barry A
245 _aDefects and deterioration in buildings
_h[electronic resource]
250 _a2nd ed.
260 _aLondon
_bSpon Press
_c2001
300 _aeBook
505 2 _aStructural problems -- Thermal problems -- Moisture problems -- Noise problems -- Wood problems -- Masonry problems -- Concrete problems -- Coating problems -- Foundation problems -- Wall problems -- Window problems -- Roof problems -- Floor problems -- Combustion problems -- Plumbing problems -- External problems -- Health and safety problems
520 _aA professional reference designed to assist surveyors, engineers, architects and contractors in diagnosing existing problems and avoiding them in new buildings.
650 _aBUILDING FAILURES
650 _aSTRUCTURAL DEFECTS
650 2 4 _aEBOOK
650 _aMOISTURE
650 _aNOISE
690 _aBUILT ENVIRONMENT-BUILDING PATHOLOGY
856 4 8 _uhttps://www.vlebooks.com/
_zView on VLEbooks. Logins for members only from [email protected]
942 _n0
999 _c100434
_d100434